|
|
|
|
| LEADER |
00000nab a2200000uu 4500 |
| 001 |
vtls010911412 |
| 003 |
SK-MaSNL |
| 005 |
20260303110023.0 |
| 008 |
230121|2000 xo |||||||||||||||||slo| |
| 015 |
|
|
|a SNBRB
|
| 035 |
|
|
|a (urnnbn)urn:nbn:sk:snk:ar-a085l7
|
| 035 |
|
|
|a (uuid)ce3daf66-5826-4a9b-8f98-62f01a85ea7d
|
| 035 |
|
|
|a urn:nbn:sk:snk-ab90mg
|
| 040 |
|
|
|a SNKBUCL
|b slo
|c SNKBUCL
|e AACR2
|
| 041 |
0 |
|
|a slo
|
| 044 |
|
|
|a xo
|c SK
|
| 100 |
1 |
|
|a Katreba, Zoltán,
|d 1974-
|4 aut
|9 203831
|
| 245 |
1 |
0 |
|a MESSENGER, CH.: POSLEDNÍ PRUŠÁK
|c Z. Katreba
|
| 773 |
0 |
|
|t Vojenská história : časopis pre vojenskú históriu, múzejníctvo a archívnictvo
|g Roč. 4, č. 2 (2000), s. 148-151
|
| 954 |
|
|
|a odborná, vedecká literatúra pôvodná (slovenská)
|2 lita
|
| 958 |
|
|
|a OND
|
| 958 |
|
|
|a EUIPO
|
| 958 |
|
|
|a article10
|
| 999 |
|
|
|c 1867485
|d 1869415
|